|
|
|
|
| LEADER |
00000nab a2200000 a 4500 |
| 001 |
vtls001518221 |
| 003 |
SK-MaSNL |
| 005 |
20260305033027.0 |
| 008 |
050308c2005 xo wr|p|||||||000 b|slo |
| 015 |
|
|
|a SNBRB2005
|2 sllk
|
| 038 |
|
|
|a SLLK
|
| 040 |
|
|
|a SLLK
|b slo
|c SLLK
|e AACR2
|
| 041 |
0 |
|
|a slo
|
| 044 |
|
|
|a xo
|c SK
|
| 080 |
|
|
|a 798.8
|2 UDC-MRF-SK2
|
| 100 |
0 |
|
|a (hm)
|4 aut
|9 840336
|
| 245 |
1 |
0 |
|a Mašer z Veľkého Lipníka bol príjemným prekvapením na svetovom preteku
|c Text (hm) ; foto (archív M.V.)
|
| 300 |
|
|
|b Fotogr.
|
| 600 |
1 |
7 |
|a Morávek, Vladimír
|2 snkbucl
|9 269469
|
| 611 |
2 |
7 |
|a Majstrovstvá sveta psích záprahov
|n (7. :
|d 2005 :
|c Donovaly, Slovensko)
|2 snkbucl
|9 1613031
|
| 650 |
0 |
7 |
|a šport psích záprahov
|2 sllk
|9 51562
|
| 651 |
|
7 |
|a Veľký Lipník (Slovensko)
|2 sllk
|9 26432
|
| 651 |
|
7 |
|a Stará Ľubovňa (Slovensko : okres)
|2 sllk
|9 19196
|
| 651 |
|
7 |
|a Donovaly (Slovensko)
|2 sllk
|9 14559
|
| 773 |
0 |
|
|t Ľubovnianske noviny
|g Roč. XXXI, č. 8 (2005) s. 6
|
| 852 |
|
|
|a SLLK
|b KIS3GCP
|
| 999 |
|
|
|c 3322521
|d 3324451
|